Anno undecimo & duodecimo Victoriae Reginae (Record no. 116714)

MARC details
000 -LEADER
fixed length control field 00617cam a22001815a 4500
001 - CONTROL NUMBER
control field L141358
008 - FIXED-LENGTH DATA ELEMENTS--GENERAL INFORMATION
fixed length control field 071119e18480814xxk eng u
035 ## - SYSTEM CONTROL NUMBER
System control number (Sirsi) u141358
041 0# - LANGUAGE CODE
Language code of text/sound track or separate title eng
245 00 - TITLE STATEMENT
Title Anno undecimo & duodecimo Victoriae Reginae
Remainder of title Cap. L. an act to empower the Commissioners of Her Majesty's Woods to remove the colonnade in the Regent's Quadrant (14th August 1848)
260 ## - PUBLICATION, DISTRIBUTION, ETC.
Place of publication, distribution, etc. London
Name of publisher, distributor, etc. George E. Eyre and William Spottiswoode
Date of publication, distribution, etc. 1848
300 ## - PHYSICAL DESCRIPTION
Extent [11] p.
Dimensions 30 cm.
340 ## - PHYSICAL MEDIUM
Material base and configuration Printed
351 ## - ORGANIZATION AND ARRANGEMENT OF MATERIALS
Hierarchical level Single item
651 4# - SUBJECT ADDED ENTRY--GEOGRAPHIC NAME
Geographic name United Kingdom
Chronological subdivision
690 ## - LOCAL SUBJECT ADDED ENTRY--TOPICAL TERM (OCLC, RLIN)
Topical term or geographic name as entry element BUILT ENVIRONMENT
942 ## - ADDED ENTRY ELEMENTS (KOHA)
Suppress in OPAC 0
Holdings
Withdrawn status Lost status Source of classification or shelving scheme Damaged status Not for loan Home library Current library Shelving location Date acquired Total Checkouts Full call number Barcode Date last seen Copy number Price effective from Koha item type
    Dewey Decimal Classification     London London Basement 19/11/2007   BASEMENT BOX 4 141358-1001 06/08/2019 1 06/08/2019 Archive